La fotografía y el cuerpo /

שמור ב:
מידע ביבליוגרפי
מחבר ראשי: Pultz, John (autor)
פורמט: ספר
שפה:ספרדית
יצא לאור: Madrid, España : Akal, 2003, c2003
סדרה:(Akal Arte en Contexto ; 5)
נושאים:
תגים: הוספת תג
אין תגיות, היה/י הראשונ/ה לתייג את הרשומה!

MARC

LEADER 00000nam^a2200000^a^4500
001 000153218
005 20250521000000.0
009 20260310100312.412
020 |a 84-460-1151-4 
037 |a Acervo ITESO - Biblioteca 
041 |a ESP 
082 |a 778. 92  |b PUL 
100 |a Pultz, John  |e (autor) 
245 1 3 |a La fotografía y el cuerpo /  |c J. Pultz ; tr. por Oscar Luis Molina. 
264 4 |a Madrid, España :  |b Akal,  |c 2003, c2003 
300 |a 176 p. 
336 |a texto  |b txt  |2 rdacontenido 
337 |a sin mediación  |b n  |2 rdamedio 
338 |a volumen  |b nc  |2 rdasoporte 
440 1 |a (Akal Arte en Contexto ;  |v 5) 
500 |a Traducción de: Photography and the Body 
649 |a XX 
650 |a Niños -  |x Fotografías 
650 |a Mujeres -  |x Fotografías 
650 |a Fotografía de Desnudo 
650 |a Retrato (Fotografía) 
650 |a Cuerpo Humano en la Fotografía 
650 |a Erotismo en la Fotografía 
650 |a Sexualidad en la Fotografía 
650 |a Cuerpo Humano en el Arte 
650 |a Erotismo en el Arte 
650 |a Sexualidad en el Arte 
650 |a Desnudo en el Arte 
650 |a Comunicación Visual 
650 |a Fotografía 
650 |a Arte Gay y Lésbico 
650 |a Arte 
910 |a Fondo General 
920 |a Impresos - Libros 
930 |a Reserva Especial 
905 |a 103 
901 |a 0500081881  |b IT1  |c REE  |u 20250521 
902 |a https://opac.biblio.iteso.mx/vufind/Record/000153218